[Event "ESP-chT"]
[Site "?"]
[Date "1993.??.??"]
[Round "?"]
[White "Garcia Padron, J."]
[Black "Gomez Esteban, Juan Mario"]
[Result "0-1"]
[WhiteElo "2465"]
[BlackElo "2450"]

1.e4 c5 2.Nf3 e6 3.d4 cxd4 4.Nxd4 Nc6 5.Nc3 a6 6.Nxc6 bxc6 7.Bd3 d6 8.O-O Nf6
9.f4 Be7 10.Kh1 Nd7 11.Qe2 Nc5 12.Be3 Nxd3 13.cxd3 c5 14.d4 cxd4 15.Bxd4 O-O
16.f5 Bf6 17.Rad1 exf5 18.exf5 Bb7 19.Qd3 Rb8 20.Rf2 Re8 21.Kg1 h5 22.Bxf6 Qxf6
23.h3 Rbd8 24.Qd4 Re5 25.Qb6 Rd7 26.Qd4 Rxf5 27.Qxf6 Rxf6 28.Rxf6 gxf6 29.Nd5 Kg7
30.Nf4 h4 31.Rd4 f5 32.Nd3 Rc7 33.Ne1 Rc1 34.Kf2 Rb1 35.Rd2 a5 36.Nf3 Bxf3
37.Kxf3 f6 38.Ke3 Kg6 39.Kd4 f4 40.Kc4 Kf5 41.Kb5 Ke4 42.Kxa5 Ke3 43.Rxd6 Rxb2
44.a4 Rxg2 45.Re6+ Kf2 46.Kb6 f3 47.a5 Kg1 48.Re1+ Kh2 49.a6 Rb2+ 50.Kc7 Ra2
51.Re6 f5 52.Rf6 Kg2 53.Kb7 f2  0-1

[Event "ESP-chT"]
[Site "?"]
[Date "1993.??.??"]
[Round "?"]
[White "Campora, Daniel H"]
[Black "Morovic Fernandez, Ivan"]
[Result "1/2-1/2"]
[WhiteElo "2540"]
[BlackElo "2575"]

1.e4 c5 2.Nf3 e6 3.d4 cxd4 4.Nxd4 Nc6 5.Nc3 a6 6.g3 d6 7.Bg2 Bd7 8.O-O Nf6
9.Re1 Be7 10.Nxc6 Bxc6 11.a4 O-O 12.a5 Qc7 13.Be3 Nd7 14.Na4 Rae8 15.Nb6 f5
16.Nxd7 Qxd7 17.Qd3 fxe4 18.Bxe4 Bxe4 19.Qxe4 d5 20.Qg4 Bf6 21.c3 Qb5 22.Qe2 Qxe2
23.Rxe2 Rc8 24.Bb6 Rfe8 25.Rae1 Kf7  1/2-1/2

[Event "ESP-chT"]
[Site "?"]
[Date "1993.??.??"]
[Round "?"]
[White "Magem Badals, Jorge"]
[Black "Sion Castro, Marcelino"]
[Result "1/2-1/2"]
[WhiteElo "2505"]
[BlackElo "2385"]

1.e4 c5 2.Nf3 e6 3.d4 cxd4 4.Nxd4 Nc6 5.Nc3 Qc7 6.Be2 a6 7.O-O Nf6 8.Be3 Bb4
9.Nxc6 bxc6 10.Qd4 c5 11.Qc4 Bb7 12.a3 d5 13.exd5 exd5 14.Qh4 Bxc3 15.bxc3 O-O
16.Rfe1 Rfe8 17.Bd3 Qc6 18.f3 Re6 19.Bg5 h6 20.Rxe6 Qxe6 21.Bxf6 Qxf6 22.Qxf6 gxf6
23.Rb1 Bc8 24.c4 dxc4 25.Bxc4 Be6 26.Bxe6 fxe6 27.Rb6 Kf7 28.Rc6 Rd8 29.Rxc5 Rd2
30.h3 f5 31.a4 Ke7 32.Kh2 f4 33.h4 Kd6 34.Ra5 Rxc2 35.Rxa6+ Ke5 36.Ra8 Kf6
37.Rf8+ Ke5 38.Rh8 Ra2 39.Rxh6 Rxa4 40.Kh3 Ra2 41.Rh8 Rb2 42.Rg8 Kf5 43.Rf8+ Ke5
44.Rf7 Rb1 45.Kh2 Rb8 46.Kh3 Rb1 47.Kh2 Rb8 48.Rg7 Kf6 49.Rg5 e5 50.Kh3 Rb2
51.Rg8 Kf5 52.Ra8 Kg6 53.Ra6+ Kf5 54.Rd6 Rb1 55.Kh2 Rb2 56.Rc6 Ra2 57.Kh3 Ra1
58.Kh2 Ra2 59.Rb6 Rc2 60.Kh3 Rc1 61.Kh2 Rc2 62.Rb8 Kg6  1/2-1/2

[Event "ESP-chT"]
[Site "?"]
[Date "1993.??.??"]
[Round "?"]
[White "De la Villa Garcia, Jesus Maria"]
[Black "Franco Ocampo, Zenon"]
[Result "1/2-1/2"]
[WhiteElo "2440"]
[BlackElo "2480"]

1.e4 c5 2.Nf3 Nc6 3.d4 cxd4 4.Nxd4 e6 5.Nc3 Qc7 6.Be2 a6 7.O-O Nf6 8.Be3 Be7
9.f4 d6 10.a4 O-O 11.Kh1 Bd7 12.Nb3 Nb4 13.Bf3 Bc6 14.Nd4 Bd7 15.Qd2 e5 16.Nde2 Rfe8
17.a5 Rac8 18.Rfc1 Bf8 19.Ng3 exf4 20.Bxf4 Be6 21.Nf5 Bxf5 22.exf5 h6 23.Ra4 Nc6
24.Nd5 Qd8 25.Nb6 Rc7 26.h3 Ne5 27.Bd5 Rce7 28.Rd4 Ned7 29.Nxd7 Qxd7 30.Bf3 Qxf5
31.Bxd6 Ne4  1/2-1/2

[Event "ESP-chT"]
[Site "?"]
[Date "1993.??.??"]
[Round "?"]
[White "Romero Holmes, Alfonso"]
[Black "Rodriguez Vargas, Orestes"]
[Result "1/2-1/2"]
[WhiteElo "2440"]
[BlackElo "2445"]

1.e4 c5 2.Nf3 e6 3.Nc3 Nc6 4.d4 cxd4 5.Nxd4 Qc7 6.g3 a6 7.Bg2 Nf6 8.O-O Be7
9.Re1 O-O 10.Nxc6 dxc6 11.f4 e5 12.f5 b5 13.Qf3 h6 14.Nd1 c5 15.Nf2 Bb7 16.h4 c4
17.Kh2 Rfd8 18.g4 Nh7 19.Qg3 f6 20.Be3 Bc5 21.Rad1 Qb6 22.Bxc5 Qxc5 23.Nh3 Rd6
24.Qf2  1/2-1/2

[Event "Espoo op"]
[Site "Espoo"]
[Date "1993.??.??"]
[Round "2"]
[White "Pyhala, Antti"]
[Black "Kiik, Kalle"]
[Result "1/2-1/2"]
[WhiteElo "2380"]
[BlackElo "2365"]

1.e4 c5 2.Nf3 e6 3.d4 cxd4 4.Nxd4 Nc6 5.Nc3 d6 6.f4 Nf6 7.Be3 e5 8.Nf3 Ng4
9.Qd2 Nxe3 10.Qxe3 exf4 11.Qxf4 Be7 12.Bc4 O-O 13.Bb3 Be6 14.O-O-O Rc8 15.Kb1 Na5
16.Nd5 Bxd5 17.Rxd5 Qc7 18.c3 Nc4 19.h4 Bf6 20.Bxc4 Qxc4 21.Ng5 Rfe8 22.Qf5 Bxg5
23.Rd4 g6 24.Qxg5 Qe2 25.Qf4 Rc4 26.Qf3 Qxf3 27.gxf3 Rxd4 28.cxd4 Rc8 29.f4 Rc4
30.Rd1 Kg7 31.e5 d5 32.Rd3 Kh6 33.b3 Rc7 34.h5 Kxh5 35.Rh3+ Kg4 36.Rxh7 Kf5
37.Kb2 b5 38.b4 a6 39.Kb3 Re7 40.a4 bxa4+ 41.Kxa4 Kxf4 42.b5 axb5+ 43.Kxb5 Ke4
44.Kc5 g5 45.Rg7 Kf5 46.Kxd5 Rd7+ 47.Kc5 Ke4 48.Rxg5 Rd5+ 49.Kc6 Rxd4 50.Rg7  1/2-1/2

[Event "Farum op (Women)"]
[Site "Farum"]
[Date "1993.??.??"]
[Round "7"]
[White "Grinfeld, Alla B"]
[Black "Sziva, Erika"]
[Result "0-1"]
[WhiteElo "2245"]
[BlackElo "2235"]

1.e4 c5 2.Nf3 e6 3.Nc3 Nc6 4.d4 cxd4 5.Nxd4 Qc7 6.Nb3 a6 7.Bd3 Nf6 8.O-O Be7
9.f4 d6 10.Kh1 b5 11.a3 Bb7 12.Qe2 O-O 13.Bd2 Rfe8 14.Rae1 b4 15.axb4 Nxb4
16.Nb5 axb5 17.Bxb4 Reb8 18.Nd2 Bc6 19.e5 Nd5 20.Bxd6 Bxd6 21.exd6 Qxd6 22.Ne4 Qd7
23.Qh5 g6 24.Qh6 Re8 25.Ng5 f5 26.c3 Nf6 27.Bb1 Bd5 28.Qh4 Kg7 29.Nf3 Qb7
30.Rf2 b4 31.cxb4 Qxb4 32.Rfe2 Ra4 33.Bc2 Ra2  0-1

[Event "FIN-SWE"]
[Site "FIN"]
[Date "1993.??.??"]
[Round "2"]
[White "Pulkkinen, Kari"]
[Black "Engqvist, Thomas"]
[Result "1/2-1/2"]
[WhiteElo "2265"]
[BlackElo "2420"]

1.e4 c5 2.Nf3 e6 3.d4 cxd4 4.Nxd4 Nc6 5.Nc3 d6 6.Be2 Nf6 7.O-O Be7 8.Be3 O-O
9.f4 e5 10.Nb3 exf4 11.Bxf4 Be6 12.Kh1 d5 13.e5 Ne4 14.Bd3 f5 15.exf6 Bxf6
16.Qe2 Bxc3 17.bxc3 Bf5 18.c4 Kh8 19.Rae1 Rc8 20.Bc1 Qh4 21.Bxe4 Bxe4 22.Bb2 dxc4
23.Nc5 Bd5 24.Ne6 Rfe8 25.Bxg7+ Kg8 26.Bf6 Qh6 27.Qd1 Bxe6 28.Rxe6 Qg6 29.Rxe8+ Rxe8
30.Rf3 Qe4 31.Rg3+ Kf7 32.Qf1 Ke6 33.Bg5 Kd5 34.Re3 Qg6 35.Qb1 Rxe3 36.Bxe3 Ke4
37.Bg1 Qf7 38.c3+ Kd5 39.h3 a6 40.Qb6 Ke6 41.Qe3+ Ne5 42.Qe4 Kd6 43.Qd4+ Ke6
44.Bf2 b5 45.Bg3 Qf1+ 46.Kh2 Qe2 47.Qb6+ Kf5 48.Qb7 Kg6 49.Qxa6+ Kg7 50.Qb7+ Nf7
51.Qxb5 Qxa2 52.Qd7 Qe2 53.Qd4+ Kf8 54.Qf6 Qe4 55.Bf2 Kg8 56.Bd4 Kf8 57.Kg3 Qd3+
58.Qf3 Qg6+ 59.Kh2 Qe6 60.Qh5 h6 61.Qc5+ Kg8 62.Qc7 Qd5 63.Qg3+ Kf8 64.Bg7+ Ke8
65.Qe3+ Kd7 66.Qa7+ Ke6 67.Bd4 Qd6+ 68.Kg1 Qg3 69.Qc5 Nd6 70.Qh5 Nf5 71.Qe8+ Ne7
72.Qh8 Qg5 73.Qf8 Nf5 74.Qc8+ Kd5 75.Qb7+ Ke6 76.Qe4+ Kd7 77.Qd5+ Nd6 78.Qxg5 hxg5
79.Kf2 Ke6 80.g4 Kd5 81.Kf3 Ne4 82.Ke3 Nd6 83.Kd2 Ke4 84.Be3 Kf3 85.Bd4 Ne4+
86.Ke1 Kg2 87.Ke2 Kxh3 88.Kf3 Nd2+ 89.Ke3 Nb3 90.Bf6 Kxg4 91.Ke4 Kh3 92.Bxg5 Nc5+
93.Kd5 Na4  1/2-1/2

[Event "Forli op"]
[Site "Forli"]
[Date "1993.??.??"]
[Round "9"]
[White "Wagman, Stuart"]
[Black "Drei, Andrea"]
[Result "0-1"]
[WhiteElo "2225"]
[BlackElo "2255"]

1.e4 c5 2.Nf3 e6 3.d4 cxd4 4.Nxd4 Nc6 5.Nc3 Qc7 6.g3 a6 7.Bg2 Nf6 8.O-O Nxd4
9.Qxd4 Bc5 10.Bf4 d6 11.Qd2 h6 12.Rad1 e5 13.Be3 Ke7 14.f4 Be6 15.fxe5 dxe5
16.Nd5+ Bxd5 17.exd5 Rhd8 18.Kh1 Rac8 19.c3 Qd6 20.Rf5 Nd7 21.Rdf1 f6 22.Rd1 Bxe3
23.Qxe3 Nb6 24.Qe2 Rg8 25.Rff1 Rcd8 26.c4 Nd7 27.Bh3 Nf8 28.Qe3 b6 29.b4 Qxb4
30.Rb1 Qxc4 31.Rxb6 Qxd5+ 32.Bg2 Qd4 33.Qa3+ Rd6 34.Rb7+ Nd7 35.Rfb1 Rc8
36.Bh3 Qd5+  0-1

[Event "FRA"]
[Site "FRA"]
[Date "1993.??.??"]
[Round "?"]
[White "Stefanski, Pascal"]
[Black "Bouton, Christophe"]
[Result "1-0"]
[WhiteElo "2160"]
[BlackElo "2210"]

1.e4 c5 2.Nf3 e6 3.d4 cxd4 4.Nxd4 Nc6 5.Nc3 a6 6.Be2 Qc7 7.Be3 Nf6 8.O-O d6
9.a4 Be7 10.Nb3 b6 11.f4 O-O 12.Bf3 Bb7 13.g4 Nd7 14.Qe2 Na5 15.Nxa5 bxa5
16.Nd1 Rac8 17.c3 Nc5 18.Qc2 d5 19.Nf2 Qb8 20.exd5 Bxd5 21.Bxd5 exd5 22.Rad1 Qb7
23.g5 Rfe8 24.f5 Bf8 25.Rfe1 Qc6 26.Ng4 Re4 27.Qg2 Qxa4 28.Bd4 Rxg4 29.Qxg4 Qd7
30.Qf3 a4 31.Re5 Ne4 32.Be3 Qc7 33.Rexd5 Re8 34.Rd7 Qc6 35.Qh5 Qc4 36.g6 hxg6
37.fxg6 fxg6 38.Qxg6 Nf6 39.R7d3 Bc5 40.Bd4 Bxd4+ 41.Rxd4 Qc5 42.Kh1 Qc6+
43.Qg2 Qxg2+ 44.Kxg2 Re2+ 45.Kg3 Rxb2 46.Rxa4 Rb3 47.Rd3 Rb6 48.Kf4 Rc6 49.c4 Kf7
50.Rd8 Ne8 51.Rd7+ Ke6 52.Ra7 Nc7 53.Ke4 Kd7 54.Rb7 Rh6 55.Rb2 Kc6 56.Rf2 Re6+
57.Kd3 Rd6+ 58.Kc3 Rg6 59.Raa2 Rh6 60.Rg2 g6 61.Rg5 Kd6 62.Rag2 Ne6 63.Rxg6 Rh5
64.Re2  1-0

[Event "FRA"]
[Site "FRA"]
[Date "1993.??.??"]
[Round "?"]
[White "Lamoureux, Charles"]
[Black "Lejeune, Jean Pierre"]
[Result "1-0"]
[WhiteElo "2345"]
[BlackElo "2350"]

1.e4 c5 2.Nf3 e6 3.d4 cxd4 4.Nxd4 Nc6 5.Nc3 Qc7 6.Be2 a6 7.O-O Bc5 8.Be3 d6
9.Qd2 Nf6 10.Rad1 Bd7 11.Nb3 Bxe3 12.Qxe3 O-O 13.f4 Rad8 14.Rd2 b5 15.a3 Bc8
16.Rfd1 Bb7 17.g4 Ne7 18.g5 Ne8 19.Bf3 Rb8 20.Ne2 Nc8 21.Ng3 Qb6 22.Qxb6 Nxb6
23.Na5 Ba8 24.Be2 d5 25.e5 f6 26.Bg4 f5 27.Bh5 Na4 28.c3 Nc5 29.Ne2 g6 30.Bf3 h6
31.h4 hxg5 32.hxg5 Kf7 33.Nd4 Rh8 34.Rh2 Rxh2 35.Kxh2 Ng7 36.Nab3 Ne4 37.Kg2 Rh8
38.Nc1 Rh4 39.Nd3 Nh5 40.Rh1 Rxh1 41.Kxh1 Ng7 42.Kg2 Ke7 43.Kf1 Ne8 44.Ke2 Nc7
45.Ke3 Kd7 46.Bd1 Bc6 47.Nb4 Bb7 48.a4 a5 49.Nd3 Bc6 50.axb5 Bxb5 51.Ne1 Ke7
52.Nxb5 Nxb5 53.Ba4 Nc7 54.Nf3 Nc5 55.Bc6 Nb3 56.Nd4 Nc5 57.b4 axb4 58.cxb4 N5a6
59.b5 Nc5 60.Nf3 Nb3 61.Nh4 Kf7 62.Kd3 Nc5+ 63.Kc3 Na4+ 64.Kb4 Nb2 65.Kc5 Nc4
66.Bb7 Nd2 67.b6 Ne4+ 68.Kc6  1-0

[Event "FRA"]
[Site "FRA"]
[Date "1993.??.??"]
[Round "?"]
[White "Vesin, Jean Robert"]
[Black "Szabolcsi, Janos"]
[Result "0-1"]
[WhiteElo "2295"]
[BlackElo "2380"]

1.e4 c5 2.Nf3 e6 3.d4 cxd4 4.Nxd4 Nc6 5.Nc3 Qc7 6.a3 a6 7.Be3 Nf6 8.Be2 b5
9.Nxc6 dxc6 10.f4 e5 11.O-O exf4 12.Bxf4 Qb6+ 13.Kh1 Be6 14.Bg5 Be7 15.Qe1 Qc5
16.Qg3 Bd6 17.Bf4 Bxf4 18.Rxf4 Nh5 19.Bxh5 Qxh5 20.Rh4 Qg6 21.Qd6 Rc8 22.Rd1 Qf6
23.Rh5 Qe7 24.Qg3 g6 25.Rh4 O-O 26.Rf1 Rcd8 27.h3 Rd4 28.Ne2 Rd2 29.Nf4 Rxc2
30.Nh5 f5 31.exf5 Bd5 32.Nf4 Rxf5 33.Re1 Re5 34.Rxe5 Qxe5 35.Rxh7 Bxg2+  0-1

[Event "FRA"]
[Site "FRA"]
[Date "1993.??.??"]
[Round "?"]
[White "Bologan, Viktor"]
[Black "Pira, Davoud"]
[Result "1-0"]
[WhiteElo "2520"]
[BlackElo "2350"]

1.e4 c5 2.Nf3 e6 3.d4 cxd4 4.Nxd4 Nc6 5.Nc3 Qc7 6.Be2 a6 7.Be3 Nf6 8.O-O Bb4
9.Na4 O-O 10.Nxc6 bxc6 11.f4 Be7 12.Bd3 d6 13.Kh1 Nd7 14.c4 c5 15.Qc2 g6
16.f5 Re8 17.Bh6 Bb7 18.Nc3 Ne5 19.Be2 gxf5 20.exf5 Kh8 21.Bf4 Nc6 22.Qd2 Nd4
23.Bd3 Rg8 24.Bg3 Qd8 25.Qh6 exf5 26.Bxf5 Nxf5 27.Rxf5 Rg6 28.Qh5 Qg8 29.Raf1 Rf8
30.Nd5 Bd8 31.Qf3 Bc8 32.Qc3+ f6 33.R5f2 Be6 34.Bxd6 Bxd5 35.cxd5 Re8 36.Qxc5 Rg5
37.Rd2 Qg6 38.Bf4 Rf5 39.Qc4 Qg4 40.h3 Qg6 41.d6 Rb5 42.a4 Rf5  1-0

[Event "FRA"]
[Site "FRA"]
[Date "1993.??.??"]
[Round "?"]
[White "Boudre, Jean Pierre"]
[Black "Letreguilly, Olivier"]
[Result "1-0"]
[WhiteElo "2380"]
[BlackElo "2345"]

1.e4 c5 2.Nf3 e6 3.Nc3 Nc6 4.d4 cxd4 5.Nxd4 a6 6.Be3 Qc7 7.Bd3 Nf6 8.O-O b5
9.Nxc6 Qxc6 10.Bd4 Be7 11.Qe2 Bb7 12.Kh1 b4 13.Bxf6 gxf6 14.Nd1 f5 15.f3 f4
16.Nf2 Qc7 17.e5 f6 18.exf6 Bxf6 19.Be4 Bxb2 20.Rab1 Bc3 21.Bxb7 Qxb7 22.Ne4 Qc6
23.Rfd1 Be5 24.Rxb4 O-O 25.Rc4 Qb5 26.a4 Qb2 27.Nc5 d6 28.Nd3 Qa2 29.Nxe5 dxe5
30.g3 Rab8 31.gxf4 Rb1 32.Rc7 Rxd1+ 33.Qxd1 Kh8 34.Qd3 Qa1+ 35.Kg2 e4 36.fxe4 e5
37.fxe5 Rg8+ 38.Kh3 Qc1 39.Rc6 Qg5 40.Qf3 Qxe5 41.Qf6+ Qxf6 42.Rxf6 Re8 43.Rxa6 Kg7
44.Rc6 Rxe4 45.a5 Ra4 46.a6 Kf8 47.Kg3 Ke8 48.Kf3 Kd7 49.Rh6 Kc8 50.Ke3 Kb8
51.Kd3 Ka7 52.c4 Ra5 53.Kd4 Ra4 54.h4 Ra1 55.h5 Rd1+ 56.Kc5 Rd7 57.Kb5 Rf7
58.Rd6 Rg7 59.c5 Rf7 60.Rd5 h6  1-0

[Event "FRA"]
[Site "FRA"]
[Date "1993.??.??"]
[Round "?"]
[White "Marciano, David"]
[Black "Lecuyer, Christian"]
[Result "0-1"]
[WhiteElo "2430"]
[BlackElo "2265"]

1.e4 c5 2.Nf3 Nc6 3.d4 cxd4 4.Nxd4 e6 5.Nc3 Qc7 6.Be2 a6 7.O-O Nf6 8.Be3 Bb4
9.Na4 O-O 10.Nxc6 bxc6 11.f4 Rb8 12.c4 d5 13.e5 Ne4 14.Bd3 f5 15.exf6 Nxf6
16.c5 Qe7 17.Bd4 Ba5 18.Qe2 Rb4 19.Be5 Rxa4 20.Bd6 Qf7 21.a3 Rd4 22.b4 Bc7
23.Bxf8 Qxf8 24.Qe3 Rxd3 25.Qxd3 Ne4 26.Rae1 Qf5 27.Re3 e5 28.fxe5 Qxe5 29.g3 Bd8
30.a4 Bf6 31.Rd1 Bg4 32.Rde1 Qd4 33.Qxa6 Bg5 34.Qd3 Bxe3+ 35.Qxe3 Qxb4 36.Ra1 Qb2
37.Re1 Bh3 38.Qf3 Qd4+ 39.Qe3 Qxa4 40.Rb1 h6 41.g4 Bxg4 42.h3 Bh5 43.h4 Qc2
44.Rc1 Qe2 45.Qxe2 Bxe2  0-1

[Event "FRA"]
[Site "FRA"]
[Date "1993.??.??"]
[Round "?"]
[White "De Sousa, Jose"]
[Black "Salaun, Yann"]
[Result "1/2-1/2"]
[WhiteElo "2275"]
[BlackElo "2370"]

1.e4 c5 2.Nf3 e6 3.d4 cxd4 4.Nxd4 Nc6 5.Nc3 a6 6.Nxc6 bxc6 7.Bd3 d6 8.O-O Nf6
9.Kh1 Be7 10.Qe1 Nd7 11.b3 Nc5 12.Bb2 Nxd3 13.cxd3 e5 14.f4 exf4 15.Ne2 Bf6
16.d4 O-O 17.e5 dxe5 18.dxe5 Bg5 19.Rd1 Qe7 20.Nxf4 Bxf4 21.Rxf4 Rd8 22.Rxd8+ Qxd8
23.Rd4 Qe8 24.Qe4 Be6 25.Qd3 h6 26.h3 c5 27.Rd6 Qb5 28.Rd8+ Rxd8 29.Qxd8+ Kh7
30.Qd2 Qf1+ 31.Kh2 Qb1 32.Bc3 Qe4 33.Qf2 Bd5 34.Qg3 Be6 35.Qf2 c4 36.Bb4 Qd3
37.Qd2 Kg6 38.Kg1 Qxd2 39.Bxd2 Kf5 40.Kf2 Kxe5 41.Ke3 g5 42.Bc3+ Kf5 43.Be1 h5
44.g3 Kg6 45.h4 gxh4 46.gxh4 Kf5 47.Bc3 Kg4 48.Bf6 Kf5 49.Bc3 Kg4 50.Bf6 Kg3
51.a4 Bd7 52.Kd4 Bxa4 53.Kxc4 Kf4 54.Kd3 Bb5+ 55.Kd2 Kf5 56.Bc3 Ke4 57.Bf6 Kf3
58.Kc3 Ke3 59.Kc2 Ke4 60.Kd2 Kf5 61.Bc3 Ke6  1/2-1/2

[Event "FRA"]
[Site "FRA"]
[Date "1993.??.??"]
[Round "?"]
[White "Nataf, Igor Alexandre"]
[Black "Pellaton, Bernard"]
[Result "1-0"]
[WhiteElo "2090"]
[BlackElo "2080"]

1.e4 c5 2.Nf3 e6 3.d4 cxd4 4.Nxd4 Nc6 5.Nc3 Qc7 6.g3 a6 7.Bg2 Nf6 8.O-O Be7
9.Re1 Nxd4 10.e5 Nc6 11.exf6 gxf6 12.Qg4 Ne5 13.Qg7 Ng6 14.Ne4 Qd8 15.h4 h5
16.Bf4 d5 17.Rad1 e5 18.Ng5 fxg5 19.Bxd5 Qxd5 20.Rxd5 gxf4 21.Rdxe5 Rf8 22.Rg5 fxg3
23.fxg3 Be6 24.Rxg6 O-O-O 25.Rgxe6 Bc5+ 26.Kh1 fxe6 27.Qc3  1-0

[Event "FRA"]
[Site "FRA"]
[Date "1993.??.??"]
[Round "?"]
[White "Metral, Jean Paul"]
[Black "Belkhodja, Slim"]
[Result "0-1"]
[WhiteElo "2295"]
[BlackElo "2400"]

1.e4 c5 2.Nf3 Nc6 3.d4 cxd4 4.Nxd4 e6 5.Nc3 d6 6.Bc4 Nf6 7.Nde2 Be7 8.O-O O-O
9.Nf4 a6 10.a4 Qc7 11.Ba2 Rd8 12.Be3 b6 13.f3 d5 14.exd5 Nb4 15.Bb3 exd5
16.Nfe2 Bd6 17.g3 Bh3 18.Re1 d4 19.Bxd4 Bc5 20.Na2 Qc6 21.c3 Nxa2 22.Bxa2 Qxf3
23.Nf4 Bxd4+ 24.cxd4 Qxd1 25.Raxd1 Bg4 26.Rd3 Kf8 27.d5 Rac8 28.Bb3 Ne8 29.Rd4 Bf5
30.Bc4 a5 31.Bb5 Bd7 32.Bd3 Nd6 33.b4 Be8 34.bxa5 bxa5 35.Bxh7 Rc4 36.Rxc4 Nxc4
37.Bc2 Nb6 38.Re4 g5 39.Nh3 Rxd5 40.Nf2 Rc5 41.Re2 Bxa4 42.Bxa4 Nxa4 43.Ra2 Nc3
44.Ra3 Ne2+ 45.Kf1 Nd4 46.Ne4 Rf5+ 47.Kg2 Re5 48.Nd6 Re2+ 49.Kf1 Rxh2 50.Rxa5 Ke7
51.Nf5+ Nxf5 52.Rxf5 f6 53.Ra5 Rb2 54.Ra4 Ke6 55.Ke1 Rg2 56.g4 Rc2 57.Kd1 Rf2
58.Ke1 Rf4 59.Ra6+ Kf7 60.Ke2 Rxg4 61.Kf3 Rd4  0-1

[Event "Gausdal Int"]
[Site "Gausdal"]
[Date "1993.??.??"]
[Round "1"]
[White "Cherniaev, Alexander"]
[Black "Bergstrom, Rolf"]
[Result "1-0"]
[WhiteElo "2420"]
[BlackElo "2255"]

1.e4 c5 2.Nf3 e6 3.Nc3 Nc6 4.d4 cxd4 5.Nxd4 a6 6.g3 Nxd4 7.Qxd4 Ne7 8.Bg2 Nc6
9.Qd2 Bc5 10.O-O O-O 11.b3 d6 12.Na4 Bd4 13.Bb2 Bxb2 14.Nxb2 Qc7 15.Nc4 Rd8
16.a4 e5 17.a5 Be6 18.Nb6 Rab8 19.f4 f6 20.f5 Bf7 21.Rf2 Ne7 22.b4 Nc8 23.Nd5 Bxd5
24.Qxd5+ Qf7 25.Qd3 Ne7 26.Rd1 Rd7 27.Rfd2 Rbd8 28.c3 Kf8 29.Qf3 Qb3 30.h4 Kg8
31.Rd3 Kh8 32.g4 Qc4 33.g5 Qf7 34.Qf2 Nc8 35.Rg3 Rc7 36.g6 Qb3 37.Qd2 h6
38.Bf1 Qg8 39.Rd3 Rcd7 40.Rd5 Ne7 41.Bc4 Nxd5 42.Bxd5 Qe8 43.Qe3 Rc7 44.Qb6 Qa4
45.Rf1 Qd7 46.c4 Rcc8 47.Ra1 Rb8 48.Kf2 Qe7 49.Ke2 Rdc8 50.Kd3 Rd8 51.Be6 Qe8
52.Kc3 Qe7 53.Rd1 Ra8 54.Kb3 Rab8 55.h5 Ra8 56.Rc1 Rab8 57.Rc3 Qe8 58.Qc7 Qf8
59.Rd3 b5 60.axb6  1-0

[Event "Gausdal Int"]
[Site "Gausdal"]
[Date "1993.??.??"]
[Round "4"]
[White "Ernst, Thomas"]
[Black "Bergstrom, Rolf"]
[Result "0-1"]
[WhiteElo "2480"]
[BlackElo "2255"]

1.e4 c5 2.Nf3 e6 3.d4 cxd4 4.Nxd4 Nc6 5.Nc3 a6 6.Be3 Nf6 7.Bd3 d5 8.exd5 exd5
9.O-O Bd6 10.Be2 h6 11.Bf3 O-O 12.Nb3 Be5 13.Nxd5 Nxd5 14.Bxd5 Bxb2 15.Rb1 Ba3
16.Nc5 Qe7 17.Qh5 Ne5 18.Bd4 Bxc5 19.Bxe5 Ra7 20.Rfe1 Bxf2+ 21.Kxf2 Qc5+
22.Re3 Qxc2+ 23.Qe2 Qxb1 24.Rg3 Qb6+ 25.Kf3 g6 26.Qd3 Be6  0-1

[Event "Troll Masters"]
[Site "Gausdal"]
[Date "1993.??.??"]
[Round "8"]
[White "Pyhala, Antti"]
[Black "Pritchett, Craig William"]
[Result "0-1"]
[WhiteElo "2380"]
[BlackElo "2360"]

1.e4 c5 2.Nf3 e6 3.d4 cxd4 4.Nxd4 Nc6 5.Nc3 a6 6.g3 d6 7.Bg2 Bd7 8.O-O Be7
9.a4 Nf6 10.Nb3 O-O 11.a5 Rc8 12.Be3 Ne5 13.Bb6 Qe8 14.Nd2 Bd8 15.Bxd8 Qxd8
16.f4 Ng6 17.Nf3 Qc7 18.Kh1 e5 19.f5 Ne7 20.Ne1 Rfd8 21.g4 d5 22.Nxd5 Nexd5
23.exd5 Bb5 24.Rf2 Nxd5 25.Qf3 Bc6 26.Qg3 Nf4 27.Bxc6 Qxc6+ 28.Nf3 Rd5 29.h4 Rcd8
30.Kh2 f6 31.g5 Kh8 32.Rg1 Qc7 33.gxf6 gxf6 34.Ne1 Rd4 35.Qf3 Rd2 36.Rxd2 Rxd2+
37.Kh1 Qc6 38.Qxc6 bxc6 39.Rg3 Rd1 40.Re3 Nd5 41.Re4 Ne7 42.Kg2 Nxf5 43.b4 Rd2+
44.Kh3 Nd6 45.Re3 Rd4 46.Rc3 Nc4 47.Nd3 e4 48.Nc5 e3 49.Kg3 f5 50.Nxa6 f4+  0-1

[Event "Gausdal Int"]
[Site "Gausdal"]
[Date "1993.??.??"]
[Round "9"]
[White "Myrvold, Torben"]
[Black "Bergstrom, Rolf"]
[Result "1/2-1/2"]
[WhiteElo "2330"]
[BlackElo "2255"]

1.e4 c5 2.Nf3 e6 3.d4 cxd4 4.Nxd4 Nc6 5.Nc3 a6 6.Be2 Nge7 7.Be3 Nxd4 8.Qxd4 b5
9.O-O Nc6 10.Qd2 Be7 11.f4 Bb7 12.Rad1 Rc8 13.e5 Na5 14.a4 b4 15.Na2 Nc4
16.Bxc4 Rxc4 17.c3 bxc3 18.Nxc3 Qc7 19.Rf2 Bb4 20.f5 Bxc3 21.bxc3 Bd5 22.Bd4 h6
23.f6 gxf6 24.Rxf6 Rxa4 25.Rf2 Ra2 26.Qf4 Rxf2 27.Kxf2 Rg8 28.Qxh6 Rxg2+
29.Ke3 Rg8 30.Qh7 Rf8 31.Rg1 Bb7 32.Rg8  1/2-1/2

[Event "Gausdal Int"]
[Site "Gausdal"]
[Date "1993.??.??"]
[Round "9"]
[White "Fossan, Erik"]
[Black "Engqvist, Thomas"]
[Result "0-1"]
[WhiteElo "2315"]
[BlackElo "2420"]

1.e4 c5 2.Nf3 e6 3.d4 cxd4 4.Nxd4 Nc6 5.Nc3 d6 6.Be3 Nf6 7.Be2 Be7 8.O-O O-O
9.f4 e5 10.Nb3 exf4 11.Rxf4 Ne8 12.Rf1 Bf6 13.Nd2 Be6 14.Nf3 Nc7 15.Nd5 Bxd5
16.exd5 Qe7 17.dxc6 Qxe3+ 18.Rf2 bxc6 19.Qxd6 Bxb2 20.Rf1 Ne6 21.Bc4 Ba3
22.Qg3 Bc5 23.Kh1 Qc3 24.Bd3 Bxf2 25.Rxf2 Qa1+ 26.Rf1 Qxa2 27.Ne5 Qd5 28.Rf5 Rab8
29.h3 Rb1+ 30.Kh2 Qd4 31.Nf3 Qe3 32.Qh4 h6 33.Qg4 c5 34.Bc4 Rb4 35.Ne5 a5
36.c3 Qxc3 37.Nxf7 Qxc4 38.Qg6 Rxf7 39.Qxf7+ Kh7 40.Qe7 Qe4 41.Qf7 Rb2  0-1

[Event "GER CupT"]
[Site "Germany"]
[Date "1993.??.??"]
[Round "?"]
[White "Dueball, Juergen"]
[Black "Kleinschmidt, Felix"]
[Result "1-0"]
[WhiteElo "2400"]
[BlackElo "2255"]

1.e4 c5 2.Nf3 e6 3.d4 cxd4 4.Nxd4 Nc6 5.Nc3 a6 6.g3 Qc7 7.Bg2 Nf6 8.O-O Be7
9.Re1 Nxd4 10.e5 Nc6 11.exf6 gxf6 12.Qg4 Ne5 13.Qg7 Ng6 14.Be4 Rf8 15.Bxg6 hxg6
16.Bh6 Qc5 17.Ne4 Qf5 18.Rad1 d5 19.Rxd5 Qxd5 20.Nxf6+ Bxf6 21.Qxf8+ Kd7
22.Qxf7+ Be7 23.Bf8 Kc7 24.Qxe7+ Bd7 25.c4 Qd2 26.Qc5+ Kd8 27.Qb6+ Kc8 28.Bb4 Qd3
29.Bd6 Qxc4 30.Bf4 Ba4 31.b3  1-0

[Event "Bundesliga 9293"]
[Site "Germany"]
[Date "1993.??.??"]
[Round "?"]
[White "Goldberg, Alexander"]
[Black "Heissler, Jakob"]
[Result "0-1"]
[WhiteElo "2365"]
[BlackElo "2410"]

1.e4 c5 2.Nf3 e6 3.d4 cxd4 4.Nxd4 Nc6 5.Nc3 Qc7 6.Be2 Nf6 7.O-O Be7 8.Be3 d6
9.f4 O-O 10.Kh1 a6 11.Qe1 Nxd4 12.Bxd4 b5 13.e5 Ne8 14.Bd3 Bb7 15.Ne4 dxe5
16.fxe5 Rd8 17.Qe3 Bxe4 18.Qxe4 g6 19.a4 Bc5 20.Bxc5 Qxc5 21.axb5 axb5 22.Rf3 Ng7
23.Rh3 Nf5 24.Qe2 Rfe8 25.Re1 b4 26.Qg4 Qe7 27.Qf3 Rd4 28.Qf2 Red8 29.Rf3 b3
30.Bxf5 exf5 31.Rxb3 Rd2 32.Qg3 Rxc2 33.e6 fxe6 34.Rbe3 Rd6 35.Qe5 Rcc6 36.h4 Qg7
37.Qb5 Qf6 38.Qb8+ Rd8  0-1

[Event "Bundesliga 9293"]
[Site "Germany"]
[Date "1993.??.??"]
[Round "?"]
[White "Goldberg, Alexander"]
[Black "Von Gleich, Alexander"]
[Result "1-0"]
[WhiteElo "2365"]
[BlackElo "2335"]

1.e4 c5 2.Nf3 e6 3.d4 cxd4 4.Nxd4 Nc6 5.Nc3 Qc7 6.Be2 a6 7.O-O Nf6 8.Be3 Bb4
9.Na4 Be7 10.Nxc6 bxc6 11.Nb6 Rb8 12.Nxc8 Qxc8 13.e5 Nd5 14.Bc1 Bc5 15.c4 Ne7
16.b3 Qc7 17.Bb2 O-O 18.Bd3 Ng6 19.Qe1 a5 20.Bc2 d5 21.exd6 Bxd6 22.g3 a4
23.Bc3 axb3 24.axb3 Qe7 25.Qe4 Rbc8 26.f4 f5 27.Qe2 Rce8 28.Rae1 e5 29.fxe5 Bxe5
30.Bxe5 Nxe5 31.Bxf5 g6 32.Be4 Qc5+ 33.Kg2 Rxf1 34.Rxf1 Nf7 35.Qd3 Ne5 36.Qe2 Nf7
37.Rf4 Ng5 38.Qd3 Ne6 39.Rf2 Ng5 40.Bxg6 Rb8 41.Bxh7+ Kh8 42.Bg6 Kg7 43.h4 Ne6
44.Qd7+  1-0

[Event "Bundesliga 9293"]
[Site "Germany"]
[Date "1993.??.??"]
[Round "?"]
[White "Jukic, Branimir"]
[Black "Schlosser, Philipp"]
[Result "0-1"]
[WhiteElo "2360"]
[BlackElo "2520"]

1.e4 c5 2.Nf3 e6 3.d4 cxd4 4.Nxd4 Nc6 5.Nc3 Qc7 6.Be2 Nf6 7.O-O a6 8.Kh1 Nxd4
9.Qxd4 Bc5 10.Qd3 h5 11.f4 Ng4 12.e5 Nf2+ 13.Rxf2 Bxf2 14.Ne4 Bc5 15.Qc3 b6
16.b4 Bb7 17.Bf3 d5 18.exd6 Bxd6 19.Nxd6+ Qxd6 20.Bb2 Bxf3 21.Qxf3 O-O 22.Rd1 Qxb4
23.Bc3 Qa3 24.Rg1 f6 25.Qh3 Qxa2 26.Qxh5 Qxc2  0-1

[Event "Bundesliga 9293"]
[Site "Germany"]
[Date "1993.??.??"]
[Round "?"]
[White "Lobron, Eric"]
[Black "Schulz, Klaus Juergen"]
[Result "1-0"]
[WhiteElo "2620"]
[BlackElo "2415"]

1.e4 c5 2.Nf3 e6 3.Nc3 Nc6 4.d4 cxd4 5.Nxd4 d6 6.g4 Nxd4 7.Qxd4 Ne7 8.Be3 Nc6
9.Qd2 Be7 10.O-O-O a6 11.Kb1 O-O 12.g5 b5 13.f4 b4 14.Na4 Rb8 15.h4 Qa5 16.b3 d5
17.exd5 exd5 18.Bd3 Bg4 19.Rdg1 Bf3 20.Rh3 Be4 21.f5 Rfe8 22.f6 Bxd3 23.Qxd3 Bd6
24.h5 Qb5 25.Qd1 d4 26.g6 Rxe3 27.Rxe3 dxe3 28.gxf7+ Kxf7 29.Qxd6 gxf6 30.Nc5 Re8
31.Qd5+  1-0

[Event "Bundesliga 9293"]
[Site "Germany"]
[Date "1993.??.??"]
[Round "?"]
[White "Luecke, Norbert"]
[Black "Schlosser, Philipp"]
[Result "0-1"]
[WhiteElo "2410"]
[BlackElo "2500"]

1.e4 c5 2.Nf3 e6 3.d4 cxd4 4.Nxd4 Nc6 5.Nc3 Qc7 6.Be2 a6 7.O-O Nf6 8.Be3 Bb4
9.Na4 Be7 10.Nxc6 bxc6 11.Nb6 Rb8 12.Nxc8 Qxc8 13.e5 Nd5 14.Bc1 Bc5 15.Qd3 O-O
16.Kh1 Qc7 17.f4 a5 18.c4 Ne7 19.b3 Rfd8 20.Bb2 a4 21.Rf3 Ng6 22.Qc2 d6 23.Bd3 dxe5
24.Bxg6 hxg6 25.Bxe5 Bd6 26.Qc3 Bxe5 27.fxe5 c5 28.Raf1 Rd4 29.h3 Rf8 30.Re3 Rfd8
31.bxa4 Qa7 32.Ref3 R8d7 33.a5 Qa6 34.Qb3 Qxa5 35.Qb8+ Rd8 36.Qb5 Qc7 37.Rxf7 Qxe5
38.Qa6 Rd2 39.Qa7 g5 40.Qc7  0-1